What designers think (Record no. 80946)

MARC details
000 -LEADER
fixed length control field 00936cab a22001935a 4500
001 - CONTROL NUMBER
control field L145807
008 - FIXED-LENGTH DATA ELEMENTS--GENERAL INFORMATION
fixed length control field 081111e2008 xxkd f 000 0 eng d
035 ## - SYSTEM CONTROL NUMBER
System control number (Sirsi) u145807
041 0# - LANGUAGE CODE
Language code of text/sound track or separate title eng
110 2# - MAIN ENTRY--CORPORATE NAME
Corporate name or jurisdiction name as entry element Mtech
9 (RLIN) 5642
245 00 - TITLE STATEMENT
Title What designers think
260 ## - PUBLICATION, DISTRIBUTION, ETC.
Date of publication, distribution, etc. 2008
490 ## - SERIES STATEMENT
Series statement Building Offsite Directory
Volume/sequential designation 2008, 16-17 (2)
520 ## - SUMMARY, ETC.
Summary, etc. Reports the results of a survey on the impact of offsite solutions on construction designers. Finds that architects use many different offsite techniques, even less common solutions. Presents the need for speed as the major reason for adopting an offsite sytem. Suggests that the first obstacle is the lack of technical information. Shows that decision to adopt an offsite system should lie with the architects, at a design stage.
590 ## - LOCAL NOTE (RLIN)
Local note KA
651 #4 - SUBJECT ADDED ENTRY--GEOGRAPHIC NAME
Geographic name United Kingdom
Chronological subdivision
690 ## - LOCAL SUBJECT ADDED ENTRY--TOPICAL TERM (OCLC, RLIN)
Topical term or geographic name as entry element BUILT ENVIRONMENT-CONSTRUCTION MANAGEMENT-CONSTRUCTION DESIGN AND MANAGEMENT
942 ## - ADDED ENTRY ELEMENTS (KOHA)
Suppress in OPAC 0
Holdings
Withdrawn status Lost status Source of classification or shelving scheme Damaged status Not for loan Home library Current library Shelving location Date acquired Total Checkouts Full call number Barcode Date last seen Copy number Price effective from Koha item type
    Dewey Decimal Classification     London London Journal article 11/11/2008   L145807 145807-1001 06/08/2019 1 06/08/2019 Journal article